000 00918nam a2200229 a 4500
005 20160223154118.0
008 140314s2004 ck do fr||||o00| 0 spa d
040 _aCO-BoIAVH
_cCO-BoIAVH
041 0 _aspa
044 _ack
082 0 4 _a354.334
_bG21p
100 1 _aGaray Tinoco, Jesús Antonio
245 _aPrograma nacional de investigación, evaluación, prevención, reducción y control de fuentes terrestes marinas de contaminación al mar /
_cMinisterio de Ambiente, INVEMAR, Comisión Colombiana del Océano
260 _aSanta Marta :
_bINVEMAR,
_c2004.
300 _a134 páginas :
_bGráficos , fotografías ;
_c28 x 21 cm.
650 6 _aPlan de acción
650 6 _aContaminación marina
650 6 _aConservación del agua
700 1 _aVélez Gutiérrez, Ana María
710 2 _aInstituto de Investigaciones Marinas y Costeras
942 _cLIBRO
_2ddc
999 _c4382
_d4382